Vector Mechanics for Engineers. Dynamics / (Record no. 802)
[ view plain ]
| 000 -LEADER | |
|---|---|
| fixed length control field | 02209nac a22003371u 4500 |
| 008 - FIXED-LENGTH DATA ELEMENTS--GENERAL INFORMATION | |
| fixed length control field | 100908t xxu||||| |||| 00| 0 eng d |
| 010 ## - LIBRARY OF CONGRESS CONTROL NUMBER | |
| LC control number | 2003044560 |
| 020 ## - INTERNATIONAL STANDARD BOOK NUMBER | |
| International Standard Book Number | 007230491X (alk. paper) |
| 082 00 - DEWEY DECIMAL CLASSIFICATION NUMBER | |
| Classification number | 620.1054 |
| Item number | VEC |
| 100 ## - MAIN ENTRY--PERSONAL NAME | |
| Personal name | 20080729 |
| 9 (RLIN) | 18763 |
| 245 00 - TITLE STATEMENT | |
| Title | Vector Mechanics for Engineers. Dynamics / |
| Statement of responsibility, etc | Ferdinand P. Beer ...[et al.] |
| 250 ## - EDITION STATEMENT | |
| Edition statement | 7th ed. |
| 260 ## - PUBLICATION, DISTRIBUTION, ETC. (IMPRINT) | |
| Place of publication, distribution, etc | Boston : |
| Name of publisher, distributor, etc | McGraw-Hill Higher Education, |
| Date of publication, distribution, etc | c2004. |
| 300 ## - PHYSICAL DESCRIPTION | |
| Extent | xxxi, 1326 p. : |
| Other physical details | ill. (some col.) ; |
| Dimensions | 26 cm. |
| 500 ## - GENERAL NOTE | |
| General note | Rev. ed. of: Vector mechanics for engineers / Ferdinand P. Beer. 6th ed. c1997. |
| 500 ## - GENERAL NOTE | |
| General note | Includes index. |
| 650 #0 - SUBJECT ADDED ENTRY--TOPICAL TERM | |
| Topical term or geographic name as entry element | Mechanics, Applied. |
| 9 (RLIN) | 18764 |
| 650 #0 - SUBJECT ADDED ENTRY--TOPICAL TERM | |
| Topical term or geographic name as entry element | Vector analysis. |
| 9 (RLIN) | 18765 |
| 650 #0 - SUBJECT ADDED ENTRY--TOPICAL TERM | |
| Topical term or geographic name as entry element | Statics. |
| 9 (RLIN) | 18766 |
| 650 #0 - SUBJECT ADDED ENTRY--TOPICAL TERM | |
| Topical term or geographic name as entry element | Dynamics. |
| 9 (RLIN) | 18767 |
| 700 1# - ADDED ENTRY--PERSONAL NAME | |
| Personal name | Beer, Ferdinand Pierre, |
| Dates associated with a name | 1915- |
| 9 (RLIN) | 18768 |
| 942 ## - ADDED ENTRY ELEMENTS (KOHA) | |
| Item type | Book - Borrowing |
| Call number prefix | 620.1054VEC |
| Source of classification or shelving scheme | Dewey Decimal Classification |
| Withdrawn status | Item status | Source of classification or shelving scheme | Damaged status | Not for loan | Vendor | Home library | Current library | Shelving location | Date acquired | Source of acquisition | Cost, normal purchase price | Total Checkouts | Full call number | Barcode | Date last seen | Cost, replacement price | Koha item type | Total Renewals | Date last borrowed |
|---|---|---|---|---|---|---|---|---|---|---|---|---|---|---|---|---|---|---|---|
| Dewey Decimal Classification | Central Library | Central Library | First floor | 30/07/2006 | 250.00 | 620.1054 VEC | 000003766 | 15/07/2025 | 312.50 | NB - Book (Non borrowing) | |||||||||
| Dewey Decimal Classification | Central Library | Central Library | First floor | 30/07/2006 | 250.00 | 1 | 620.1054 VEC | 000003765 | 15/07/2025 | 312.50 | Book - Borrowing | ||||||||
| Dewey Decimal Classification | Central Library | Central Library | First floor | 08/09/2010 | 250.00 | 1 | 620.1054 VEC | 000003764 | 15/07/2025 | 312.50 | Book - Borrowing | 2 | 07/02/2016 | ||||||
| Dewey Decimal Classification | Central Library | Central Library | First floor | 30/07/2006 | 250.00 | 1 | 620.1054 VEC | 000003763 | 15/07/2025 | 312.50 | Book - Borrowing | 8 | 28/03/2016 | ||||||
| Dewey Decimal Classification | Central Library | Central Library | First floor | 30/07/2006 | 250.00 | 620.1054 VEC | 000003762 | 15/07/2025 | 312.50 | Book - Borrowing | |||||||||
| Dewey Decimal Classification | Central Library | Central Library | First floor | 30/07/2006 | 250.00 | 620.1054 VEC | 000003761 | 15/07/2025 | 312.50 | Book - Borrowing | |||||||||
| Dewey Decimal Classification | Central Library | Central Library | First floor | 30/07/2006 | 250.00 | 1 | 620.1054 VEC | 000003760 | 15/07/2025 | 312.50 | Book - Borrowing | 15/01/2015 | |||||||
| Dewey Decimal Classification | Central Library | Central Library | First floor | 30/07/2006 | 250.00 | 3 | 620.1054 VEC | 000003759 | 15/07/2025 | 312.50 | Book - Borrowing | 28 | 12/12/2017 | ||||||
| Dewey Decimal Classification | Central Library | Central Library | First floor | 30/07/2006 | 250.00 | 620.1054 VEC | 000003758 | 15/07/2025 | 312.50 | Book - Borrowing |